MARC

LEADER 00000nam0a2200000 4500
001 323438
005 20231102003554.0
035 |a (RuTPU)RU\TPU\book\349025 
090 |a 323438 
100 |a 20161019d1949 km y0rusy50 ca 
101 0 |a rus 
102 |a RU 
105 |a a z 000zy 
200 1 |a Невидимые подмастерья  |f Е. Борисов, В. Горохов 
210 |a Москва  |c Московский рабочий  |d 1949 
215 |a 56 с.  |c ил. 
225 1 |a Природа и человек 
606 1 |a Поверхностно-активные вещества  |2 stltpush  |3 (RuTPU)RU\TPU\subj\75560  |9 87276 
610 1 |a химическая технология 
610 1 |a пленочные технологии 
610 1 |a внешняя сила 
610 1 |a добавки 
610 1 |a режущие жидкости 
610 1 |a микропроводимость 
675 |a 661.185  |v 4 
700 1 |a Борисов  |b Е. 
701 1 |a Горохов  |b В. 
801 1 |a RU  |b 63413507  |c 20161019 
801 2 |a RU  |b 63413507  |c 20200226  |g RCR 
942 |c BK